00524nam a2200205Ia 4500008004100000020001800041050001400059100001700073245004600090245004400136260001500180260001600195260000900211300001500220300002700235300001000262440003100272440000700303500000800310170918s9999 xx 000 0 und d a9780545273282 bT365 2011 aThaler, Mike aSt. Patrick's day from the black lagoon / cMike Thaler ; illustrated by Jared Lee. aNew York : bScholastic, c2011 a61 pages : bcolored illustration ; c19cm. aBlack lagoon adventures ;  v19 a760